1289 1346 1042 1321 1121 1974 1094 1239 1082 1269 1590 1508 1649 1138 1132 1431 1490 1834 1642 1956 1927 1916 1881 1139 1682 1168 1655 1679 1324 1740 1412 1878 1949 1435 1866 1353 1320 1814 1423 1162 1362 1377 1008 1320 1873 1789 1230 1188 1378 1769 1013 1036 1390 1534 1804 1918 1027 1182 1350 1368 1561 1508 1824 1970 1319 1446 1861 1666 1334 1064 1896 1303 1276 1960 1988 1850 1485 1339 1054 1511 1048 1706 1440 1160 1571 1912 1206 1390 1700 1110 1677 1235 1319 1470 1884 1748 1938 1841 1826 BCNSPRNW ULIB Ver.6.0+V

เปลี่ยนเป็นภาษาไทย

Change to English
 แสดงรายละเอียดบรรณานุกรม
  กลับหน้าหลัก

Brief Record : Get Marc (ISO 2709) : E-mail record : QR code < ปิดหน้าต่าง
LEADER : 00000nam 2200000uu 4500
001    13399114684
003     ULIB
008    110627s2550||||th 000 0 tha d
020    978
090    นว.^bส731น
100 0  สิรินดา
245 00 นิยามรักหัวใจร็อค/^cสิรินดา
250    พิมพ์ครั้งที่ 1
260    กรุงเทพฯ :^bแจ่มใส,^c2550
300    335 หน้า
710 1  แจ่มใส
945    ^p209^l0^i022042
995    ทศพร
999 ^a ใช้งานได้ทุกระบบ
รายการนี้ยังไม่มีแท็ก
คุณยังไม่ได้ล็อกอิน คุณสามารถมีกิจกรรมร่วมกับเว็บไซต์ได้ แต่ต้องล็อกอินก่อน ::
  ล็อกอิน

รายการสื่อสารสนเทศ

ลำดับที่ ประเภท เลขเรียก/บาร์โค้ด สถานที่ สถานะ
1. นวนิยาย
นวนิยาย
นว. ส731น  
  Barcode: 022042
ห้องสมุดวิทยาเขตสวรรค์ประชารักษ์
►นวนิยาย
บนชั้น
  ขอยืม

รายการใกล้เคียง
    ผู้แต่ง [สิรินดา]

BibComment


ยังไม่เคยถูกคอมเมนท์

คอมเมนท์ทรัพยากรรายการนี้
  คอมเมนท์: นิยามรักหัวใจร็อค..


 Copyright 2026. Bcnsprnw @Library